Rap Français feat (underground) - Statistiques

Statistiques générales
  • Ce quiz a été pris 172 fois
  • Le résultat moyen est 4 sur 17
Statistiques - réponses
Nom du son 1er rappeur Rappeur en feat % Correct
Qui gon jin Zuukou mayzie Freeze corleone
73%
Pyramide Django Osirus jack
52%
Avec le temps Lesram PLK
51%
Artic polo Jmks Azur
39%
Beach house Bushi Azur
39%
Enfants perdus Rouge carmin So la lune
34%
Canada Zeu Ashe22
33%
Snitch La feve kosei
32%
Katana Jolly Kpri
31%
Moneytime Oldpee Green montana
17%
Zidane Zeu Venom
16%
Kilualife Doc ovg Norsacce berlusconi
9%
Cartouche 4 Afro s Kaki santana
5%
Budapest Mazoo Rolla
2%
White berry Lutchi Dom
1%
Kess qu'ils tek Slim c Ras
1%
147 Exoslayeur Izen
0%
Aucun quiz correspondant
Distribution des résultats
% des personnes avec chaque résultat
Percentile par nombre de réponses
Votre historique - résultats
Vous n’avez pas pris ce quiz